Televízna sklárska odysea

Bibliographic Details
Main Author: Mlčoušek, Vladimír, 1949- (Author)
Format: Article
Language:Slovak
Subjects:

MARC

LEADER 00000nab a2200000 a 4500
001 vtls000246477
003 SK-MaSNL
005 20260303210446.0
008 230814c1986 xo 0 slo
015 |a SNBRB19rr/mm-uuuuu 
035 |a CL0256591 
040 |a SNKBUCL  |b slo  |c SNKBUCL  |e AACR2 
041 0 |a slo 
044 |a xo  |c SK 
080 |a 7.097(437.1/.2)  |2 1981 
100 1 |a Mlčoušek, Vladimír,  |d 1949-  |4 aut  |9 103415 
245 1 0 |a Televízna sklárska odysea  |c Vladimír Mlčoušek 
600 1 7 |a Dietl, Jaroslav  |d 1929-1985  |x seriály televízne  |x recenzie  |2 snkbucl  |9 1241264 
610 2 7 |a Československá televize  |2 SNKKA  |9 227058 
630 0 7 |a Synovia a dcéry Jakuba Sklára (TV seriál)  |x recenzie  |2 snkbucl  |9 1242216 
655 7 |a články z novín a časopisov  |2 snkbucl  |9 267496 
773 0 |t Nové slovo  |g Roč. 28, č. 20 (1986) 
850 |a Slovenská národná knižnica v Martine  |a MTA001 
852 |a SNK  |b KIS3GCP 
958 |a RK 
958 |a CZ 
992 |a RBX 
999 |c 2200321  |d 2202251